000 01014nam a2200289 i 4500
003 DO-SdBNP
005 20250424105113.0
007 ta
008 110125s2008 cu 000 0 spa d
020 _a9789592710955
040 _aDO-SdBNP
_bspa
_cBNPHU
_erda
041 _hspa
082 4 _axxx
_bxxx
_222
100 1 _aIbarra, Jorge.
_eautor
_4aut.
_949850
245 1 0 _aJosé Martí :
_bdirigente político e ideólogo revolucionario /
_cJorge Ibarra ; edición, Maribel Díaz Pérez
264 1 _aLa Habana, Cuba :
_bCentro de Estudios Martianos,
_c2008.
300 _a267 páginas ;
_c18 cm.
336 _atexto
_btxt
_2rdacontent
337 _asin mediación
_bn
_2rdamedia
338 _avolumen
_bnc
_2rdacarrier
500 _aIncluye referencias bibliográficas y notas al pie de las páginas.
500 _aIncluye datos biográficos del autor en la contracubierta
590 _aInventariado, 2025/BT
700 1 _aDíaz Pérez, Maribel,
_eeditor
_4ed.
_987515
910 _aBtavárez
942 _2ddc
_cLBS1
999 _c58778
_d58778